Loading...
| History - Other | 0 | 6 | 2 | 1 | 50 | 71 | 88.33 | 2 | 6 | 0.00 | 0.00 |
| History - American | 0 | 5 | 1 | 0 | 45 | 72 | 94.40 | 2 | 5 | 0.00 | 0.00 |
| Religion | 0 | 4 | 0 | 1 | 40 | 75 | 110.00 | 1 | 3 | 0.00 | 0.00 |
| History - World | 0 | 3 | 1 | 1 | 25 | 75 | 95.00 | 1 | 2 | 0.00 | 0.00 |
| Current Events | 0 | 2 | 0 | 0 | 20 | 98 | 99.50 | 0 | 1 | 0.00 | 0.00 |
| History - European | 0 | 3 | 2 | 0 | 20 | 70 | 76.67 | 1 | 3 | 0.00 | 0.00 |
| Fine Arts - Painting and Sculpture | 0 | 1 | 0 | 1 | 10 | 151 | 151.00 | 0 | 0 | 0.00 | 0.00 |
| Other Academic | 0 | 1 | 0 | 0 | 10 | 104 | 104.00 | 1 | 1 | 0.00 | 0.00 |
| Pop Culture | 0 | 1 | 0 | 0 | 10 | 28 | 28.00 | 1 | 1 | 0.00 | 0.00 |
| Fine Arts - Other | 0 | 1 | 0 | 0 | 10 | 100 | 100.00 | 0 | 1 | 0.00 | 0.00 |
| Social Science | 0 | 1 | 0 | 1 | 10 | 124 | 124.00 | 0 | 1 | 0.00 | 0.00 |